000
00310nam a22001337a 4500
008
171127b xxu||||| |||| 00| 0 eng d
020
_a
9781566048545
041
_a
eng
080
_2
3 ED
_a
0070
100
_a
30
101
_a
MED
245
_a
LOKING GOOD IN PRESENTATIONS
_c
JOSS/M.W
942
_2
udc
_c
BK
999
_c
38525
_d
38525